| Tag |
First Indicator |
Second Indicator |
Subfields |
| LEADER |
00000cam a22000004a 4500 |
| 001 |
in00001542012 |
| 005 |
20151022061055.0 |
| 008 |
990414s2000 enka b 001 0 eng |
| 010 |
|
|
|a 99029672
|
| 015 |
|
|
|a GB99-V0808
|
| 019 |
|
|
|a 42792420
|
| 020 |
|
|
|a 0335197868 (hardbound)
|
| 020 |
|
|
|a 033519785X (pbk.)
|
| 035 |
|
|
|a (OCoLC)ocm41266212
|
| 040 |
|
|
|a DLC
|c DLC
|d UKM
|d C#P
|d TXA
|d UtOrBLW
|
| 042 |
|
|
|a pcc
|
| 043 |
|
|
|a e-uk---
|
| 049 |
|
|
|a TXAM
|
| 050 |
0 |
0 |
|a RA564.83
|b .W38 2000
|
| 082 |
0 |
0 |
|a 613/.04234
|2 21
|
| 100 |
1 |
|
|a Watson, Jonathan,
|d 1960-
|
| 245 |
1 |
0 |
|a Male bodies :
|b health, culture, and identity /
|c Jonathan Watson.
|
| 264 |
|
1 |
|a Buckingham [England] ;
|a Philadelphia :
|b Open University Press,
|c 2000.
|
| 300 |
|
|
|a vi, 170 pages :
|b illustrations ;
|c 23 cm.
|
| 336 |
|
|
|a text
|b txt
|2 rdacontent
|
| 337 |
|
|
|a unmediated
|b n
|2 rdamedia
|
| 338 |
|
|
|a volume
|b nc
|2 rdacarrier
|
| 504 |
|
|
|a Includes bibliographical references (pages [149]-165) and index.
|
| 650 |
|
0 |
|a Men
|x Health and hygiene.
|
| 650 |
|
0 |
|a Body image.
|
| 650 |
|
0 |
|a Social medicine.
|
| 650 |
|
0 |
|a Health behavior
|z Great Britain.
|
| 650 |
|
0 |
|a Men
|x Health and hygiene
|z Great Britain.
|
| 650 |
|
4 |
|a Men
|x Identity.
|
| 650 |
|
4 |
|a Social groups.
|
| 650 |
|
4 |
|a Health attitudes.
|
| 650 |
|
4 |
|a Health behaviour.
|
| 650 |
|
4 |
|a Social interaction.
|
| 650 |
|
4 |
|a Men
|x Health and hygiene.
|
| 650 |
|
4 |
|a Body, Human
|x Social aspects.
|
| 948 |
|
|
|a cataloged
|b h
|c 2000/7/5
|d c
|e eneff
|f 10:40:33 am
|
| 994 |
|
|
|a E0
|b TXA
|
| 999 |
|
|
|a MARS
|
| 999 |
f |
f |
|s e0dab0a2-20b6-3c3f-8063-e12b6acb519d
|i 728f240a-4ff1-3d20-a6b0-cbe939afd3e9
|t 0
|
| 952 |
f |
f |
|p ric
|a Texas A&M University
|b Rellis Campus
|c Joint Library Facility
|d Remote Storage
|t 0
|e RA564.83 .W38 2000
|h Library of Congress classification
|i unmediated -- volume
|m A14826251278
|
| 998 |
f |
f |
|a RA564.83 .W38 2000
|t 0
|l Remote Storage
|